| 000 | 01117nam a2200337 a 4500 | ||
|---|---|---|---|
| 003 | AR-BaBNM | ||
| 005 | 20251128205355.0 | ||
| 008 | 082120s2002 ||||||||||||||000 | spa|| | ||
| 020 | _a84-7774-077-1 | ||
| 040 | _cAR-BaBNM | ||
| 100 | 1 | _aSaegesser, François | |
| 245 | 0 | 0 |
_aLos juegos de simulación en la escuela _bmanual para la construcción y utilización de juegos y ejercicios de simulación en la escuela |
| 260 |
_aMadrid _bVisor _c1991 |
||
| 300 |
_a125 p. _bdiagr. |
||
| 490 | 0 |
_aAprendizaje _vv. 77 |
|
| 500 | _aContiene indicaciones para la utilización de los juegos de simulación en clase: p. 115-121 | ||
| 504 | _aBibliografía: p. 123-125 | ||
| 650 | 4 | _aMETODOS DE ENSEÑANZA | |
| 650 | 4 | _aACTIVIDADES EN GRUPO | |
| 650 | 4 | _aJUEGOS EDUCATIVOS | |
| 650 | 4 | _aORGANIZACION DEL CURSO | |
| 650 | 4 | _aENSEÑANZA EN GRUPO | |
| 650 | 4 | _aGRUPOS | |
| 650 | 4 | _aDINAMICA DE GRUPO | |
| 653 | _aPROCESO DE ENSEÑANZA-APRENDIZAJE | ||
| 700 | 1 |
_aMarichalar, Inés _etraductor |
|
| 800 | 1 |
_aAlvarez, Amelia _edirector |
|
| 800 | 1 |
_aDel Río, Pablo _edirector |
|
| 942 | _cBK | ||
| 998 | _cSILVI | ||
| 999 |
_c11143 _d11143 |
||